[Event "ch-BLR w 2013"]
[Site "Minsk BLR"]
[Date "2013.01.16"]
[Round "7.5"]
[White "Nevioselaya,M"]
[Black "Kaliadzich,M"]
[Result "0-1"]
[WhiteElo "2065"]
[BlackElo "1950"]

1.e4 c5 2.Nf3 Nc6 3.Nc3 e5 4.Bc4 d6 5.d3 Be7 6.O-O Nf6 7.Bg5 O-O 8.Bxf6 Bxf6
9.Nd5 Bg4 10.h3 Be6 11.c3 Rb8 12.a4 Bg5 13.Rb1 Kh8 14.b4 Bh6 15.a5 g6 16.Qe2 Bg7
17.Ne3 Bc8 18.Bd5 Ne7 19.Qa2 Nxd5 20.Nxd5 f5 21.Qe2 Be6 22.Nd2 Bxd5 23.exd5 cxb4
24.cxb4 Qd7 25.b5 Rbc8 26.b6 a6 27.Rfc1 Qf7 28.Qf3 Bh6 29.Rxc8 Rxc8 30.Nc4 Bf8
31.g4 Rc5 32.gxf5 Qxf5 33.Qxf5 gxf5 34.Rc1 Kg7 35.Rc2 Kf6 36.Ne3 Rxc2 37.Nxc2 Bh6
38.Na3 Bd2 39.Nc4 Bb4 40.Kg2 e4 41.dxe4 fxe4 42.f4 Kf5 43.Kg3 Bc5 44.Nb2 h5
45.h4 Be3 46.Nc4 Bxf4+ 47.Kf2 Kg4 48.Na3 Kxh4 49.Nb5 Kg4 50.Nc7 Bd2  0-1

[Event "ch-BLR w 2013"]
[Site "Minsk BLR"]
[Date "2013.01.18"]
[Round "9.1"]
[White "Stetsko,L"]
[Black "Beinenson,Katsiaryna"]
[Result "1-0"]
[WhiteElo "2203"]
[BlackElo "1974"]

1.e4 c5 2.Nf3 Nc6 3.Nc3 e5 4.Bc4 Be7 5.d3 Nf6 6.O-O O-O 7.h3 d6 8.a3 a6 9.Ba2 b5
10.Nd5 h6 11.c3 Bb7 12.Be3 Nb8 13.b4 Nbd7 14.Nxf6+ Bxf6 15.Nh2 Nb6 16.Qg4 cxb4
17.axb4 Na4 18.Rac1 d5 19.exd5 Bxd5 20.c4 Be6 21.Qe4 Be7 22.Bb1 Bxb4 23.cxb5 Qd6
24.Rc6 Bd5 25.Rxd6 Bxe4 26.Rxa6 Rxa6 27.bxa6 Bd5 28.f4 exf4 29.Rxf4 Bc5 30.Bxc5 Nxc5
31.Rf5 Rd8 32.a7 Na4 33.Rxd5  1-0

[Event "TCh-AUT 2012-13"]
[Site "Graz AUT"]
[Date "2013.01.19"]
[Round "6.3"]
[White "Mihok,O"]
[Black "Felsberger,A"]
[Result "1/2-1/2"]
[WhiteElo "2451"]
[BlackElo "2366"]

1.e4 c5 2.Nf3 Nc6 3.Nc3 Nf6 4.Bb5 a6 5.Bxc6 dxc6 6.d3 g6 7.Be3 b6 8.Qd2 Bg7
9.Bh6 O-O 10.h4 Bxh6 11.Qxh6 Ng4 12.Qd2 h5 13.Nd1 Kg7 14.Ne3 Rh8 15.Qc3+ f6
16.e5 Be6 17.exf6+ exf6 18.Ng5 Re8 19.O-O Qd4 20.Ne4 Bd5 21.Nd6 Re5 22.Ndc4 Nxe3
23.Qxd4 cxd4 24.fxe3 Bxc4 25.exd4 Rd5 26.dxc4 Rxd4 27.Rae1 Kf7 28.g3 Rxc4
29.Rf2 Ra7 30.Rfe2 Rd7 31.c3 Rc5 32.Re6 a5 33.R1e2 b5 34.a3 g5 35.hxg5 Rxg5
36.Kh2 Rc5 37.Kh3 Kg6 38.Rf2 Rf7 39.Rf4 Kg5 40.Rd4 Rc7  1/2-1/2

[Event "5th Chennai Open 2013"]
[Site "Chennai IND"]
[Date "2013.01.20"]
[Round "8"]
[White "Ziatdinov,R"]
[Black "Suresh,KT"]
[Result "1/2-1/2"]
[WhiteElo "2354"]
[BlackElo "2145"]

1.e4 c5 2.Nf3 Nc6 3.Nc3 d6 4.d4 cxd4 5.Nxd4 Nf6 6.Bg5 e6 7.Qd2 Be7 8.Nb3 O-O
9.O-O-O Qb6 10.Be3 Qc7 11.f3 Rd8 12.Qf2 Nd7 13.Nb5 Qb8 14.Qg3 Nde5 15.f4 a6
16.Nc3 Nd7 17.Nd4 Qc7 18.Be2 b5 19.Nxc6 Qxc6 20.Bf3 Rb8 21.Bd4 Bf8 22.f5 Qc7
23.Bh5 e5 24.Be3 Bb7 25.Bf3 Rdc8 26.Qf2 b4 27.Nd5 Bxd5 28.Rxd5 Nf6 29.Rd2 b3
30.axb3 Rxb3 31.Kb1 Rb4 32.Rd3 d5 33.Rb3 dxe4 34.Rxb4 Bxb4 35.Bd1 Rb8 36.c4 Qxc4
37.Qc2 Bc3 38.Bc1 Qb4 39.Qb3 Bd4 40.Qxb4 Rxb4 41.Be2 a5 42.h4 Nd5 43.Kc2 h6
44.b3 Rb8 45.Bc4 Nb6 46.Ba6 a4 47.bxa4 Nxa4 48.g4 Nc5 49.Bc4 Rb4 50.Bd5 Nd3
51.g5 Nxc1 52.Rxc1 hxg5 53.hxg5 Be3 54.Rb1 Rxb1 55.Kxb1 Bxg5 56.Bxe4 Kh7
57.Kc2 Kh6 58.Kd3 Be7 59.Bd5 g6 60.Ke4 f6 61.fxg6 Kxg6 62.Be6 Kg5 63.Bc8 Ba3
64.Bd7 Bb2 65.Bc8 Ba3 66.Bd7  1/2-1/2

[Event "5th Chennai Open 2013"]
[Site "Chennai IND"]
[Date "2013.01.20"]
[Round "8"]
[White "Lokesh,P"]
[Black "Lakshmi C"]
[Result "1-0"]
[WhiteElo "2198"]
[BlackElo "1567"]

1.e4 c5 2.Nf3 Nc6 3.Nc3 e5 4.Bc4 Be7 5.d3 Nf6 6.Ng5 O-O 7.f4 d6 8.O-O h6
9.Nf3 Bg4 10.Be3 exf4 11.Bxf4 Nd4 12.Kh1 Kh8 13.Qd2 Bxf3 14.gxf3 Nh7 15.Be3 Bf6
16.a4 Ng5 17.Qg2 Qd7 18.Nd5 Bd8 19.f4 Nh7 20.Bxd4 cxd4 21.Qf2 Bf6 22.Nxf6 Nxf6
23.Qxd4 Qh3 24.Rae1 Rad8 25.Qe3 Qh5 26.Qe2 Qc5 27.Bb3 Qc7 28.Rg1 Rg8 29.Qf2 Rde8
30.Qxa7 Nh5 31.Qf2 Nf6 32.Rg2 b6 33.Reg1 Rd8 34.Qh4 Rdf8 35.Rxg7 Rxg7 36.Qxh6+ Rh7
37.Qxf6+ Rg7 38.Qxg7+  1-0

[Event "e2e4 Chester Open"]
[Site "Chester ENG"]
[Date "2013.01.20"]
[Round "4"]
[White "Rabbitte,L"]
[Black "Broadley,Henry"]
[Result "1-0"]
[WhiteElo "2076"]
[BlackElo "1936"]

1.e4 c5 2.Nc3 Nc6 3.Bb5 Nd4 4.Bc4 e6 5.Nge2 Nf6 6.O-O a6 7.d3 b5 8.Bb3 Nxb3
9.axb3 Bb7 10.Bg5 Be7 11.Ng3 h6 12.Bd2 Qb6 13.Qe2 h5 14.Nd1 h4 15.Nh1 d5
16.e5 Nh5 17.c4 Qc6 18.f3 g5 19.Nhf2 Ng7 20.Ne3 d4 21.Neg4 Nf5 22.Ne4 h3
23.g3 O-O-O 24.Ra5 Qb6 25.Rfa1 Rdg8 26.cxb5 axb5 27.Nef6 Rd8 28.Ne4 Rhg8
29.Ngf6 Bxf6 30.Nxf6 Rg6 31.b4 cxb4 32.Bxb4 Qc6 33.Ne4 Kb8 34.Bc5 Kc7 35.b4 Ra8
36.Rxa8 Bxa8 37.Ra7+ Bb7 38.Ra2 Kd8 39.Kf2 g4 40.f4 Qd5 41.Bb6+ Ke8 42.Qc2 Kf8
43.Qc5+ Ke8 44.Ra8+ Bxa8 45.Qc8+ Ke7 46.Bc5+ Qxc5 47.Qxc5+ Kd7 48.Qa7+  1-0

[Event "5th Chennai Open 2013"]
[Site "Chennai IND"]
[Date "2013.01.21"]
[Round "9"]
[White "Kumaran,B"]
[Black "Sai,V"]
[Result "1/2-1/2"]
[WhiteElo "2222"]
[BlackElo "1987"]

1.e4 c5 2.Nf3 Nc6 3.Nc3 e5 4.Bc4 Be7 5.d3 Nf6 6.Ng5 O-O 7.f4 d6 8.f5 Nd4
9.Nf3 a6 10.Nd5 b5 11.Nxf6+ Bxf6 12.Bd5 Rb8 13.O-O Bb7 14.Bxb7 Rxb7 15.c3 Nxf3+
16.Qxf3 Bg5 17.Qg4 Bxc1 18.Raxc1 f6 19.Rf3 d5 20.Rh3 dxe4 21.Qxe4 Rd7 22.Rf1 Qb6
23.Rff3 c4+ 24.Kf1 cxd3 25.Rxd3 Rfd8 26.Ke2 h6 27.Rxd7 Rxd7 28.Rd3 Rxd3 29.Kxd3 Qg1
30.Kc2 Qxh2 31.Kb3  1/2-1/2

[Event "Kislovodsk Open 2013"]
[Site "Kislovodsk RUS"]
[Date "2013.01.21"]
[Round "7"]
[White "Khadaev,Shadid"]
[Black "Stepanov,Arseny"]
[Result "1/2-1/2"]
[WhiteElo "1667"]
[BlackElo "1947"]

1.e4 c5 2.Nf3 Nc6 3.Nc3 g6 4.d4 cxd4 5.Nxd4 Bg7 6.Be3 Nf6 7.Bc4 Na5 8.Bb3 Nxb3
9.axb3 O-O 10.h3 d5 11.exd5 Nxd5 12.Nxd5 Qxd5 13.O-O a6 14.Qd2 f5 15.f4 e5
16.fxe5 Qxe5 17.c3 b5 18.Rae1 Bb7 19.Bh6 Bxh6 20.Qxh6 Qd5 21.Qg5 Rae8 22.Rxe8 Rxe8
23.Nxf5 Re5 24.Nh6+ Kg7 25.Qf6+ Kxh6 26.Qf8+ Kh5 27.g4+ Kg5 28.Qf6+ Kh6 29.Qf8+ Kg5
30.Qf6+ Kh6 31.Qf8+ Kg5 32.Qf6+ Kh6  1/2-1/2

[Event "Marianske Lazne GM 2013"]
[Site "Marianske Lazne CZE"]
[Date "2013.01.22"]
[Round "5.3"]
[White "Fries Nielsen,JO"]
[Black "Matsenko,S"]
[Result "0-1"]
[WhiteElo "2370"]
[BlackElo "2460"]

1.e4 c5 2.Ne2 Nc6 3.Nbc3 Nf6 4.Nf4 e6 5.Bc4 a6 6.a4 g6 7.d3 Bg7 8.g4 d5 9.Ba2 d4
10.Nb1 e5 11.Nd5 Nxg4 12.Qf3 Be6 13.h3 Nf6 14.Bg5 Bxd5 15.exd5 Nb4 16.Bb3 h6
17.Bxf6 Qxf6 18.Qe4 Qf5 19.Nd2 Rd8 20.a5 O-O 21.h4 Qd7 22.d6 Kh8 23.Nc4 Qc6
24.Ba4 Qxe4+ 25.dxe4 f5 26.f4 fxe4 27.fxe5 Bxe5 28.Nxe5 Rxd6 29.h5 gxh5 30.Rxh5 e3
31.O-O-O Na2+ 32.Kb1 e2 33.Re1 Rf1 34.Rh1 Rxh1 35.Rxh1 Rf6 36.Kxa2 Rf1 37.Rxh6+ Kg7
38.Rg6+ Kh7  0-1

[Event "13th ch-CRO 2013"]
[Site "Plitvicka Jezera CRO"]
[Date "2013.01.22"]
[Round "2.2"]
[White "Jovanovic,Zo CRO"]
[Black "Jankovic,A"]
[Result "1/2-1/2"]
[WhiteElo "2508"]
[BlackElo "2538"]

1.e4 c5 2.Nf3 Nc6 3.Nc3 d6 4.d4 cxd4 5.Nxd4 Nf6 6.Bg5 e6 7.Qd3 a6 8.Nxc6 bxc6
9.O-O-O e5 10.Qg3 Be6 11.Be2 Rb8 12.b3 Qa5 13.Kb1 Nd7 14.Bc1 Nc5 15.Bb2 Qc7
16.f4 f6 17.Rhf1 a5 18.Bh5+ Bf7 19.Bxf7+ Qxf7 20.Ba3 Nb7 21.fxe5 dxe5 22.Bxf8 Qxf8
23.Na4 Qe7 24.Qh3 Rd8 25.Qc3 Rc8 26.Rd3 Rc7 27.Rfd1 Qb4 28.Qxb4 axb4 29.Nb6 O-O
30.Nd7 Re8 31.g4 Kf7 32.c3 bxc3 33.Kc2 Ke7 34.Nb6 Nc5 35.Rxc3 Ne6 36.a4 Rb8
37.a5 Nd4+ 38.Kb2 Ra7 39.b4 Kd6 40.Rc4 Rxb6 41.axb6 Rb7 42.Ra1 Rxb6 43.Ra7 Ne6
44.Ka3 c5 45.bxc5+ Nxc5 46.Rb4 Rxb4 47.Kxb4 g5 48.Rxh7 Nxe4 49.Kc4 Ke6 50.h3 Nf2
51.Kc3 Ne4+ 52.Kd3 Nd6 53.Ra7 Nb5 54.Ra6+ Nd6 55.Ke3 Kd5 56.Ra5+ Ke6 57.Kf3 Kf7
58.Ra6 Ke7 59.Ra4 Ke6 60.Kg3 Kf7 61.Rb4 Ke6 62.h4 gxh4+ 63.Kxh4 Kd5 64.Rb6 e4
65.Kg3 Ke5 66.Ra6 f5 67.g5 f4+ 68.Kg4 f3 69.Ra5+ Ke6 70.Ra2 Kf7 71.Kf4 Kg7
72.Ra7+ Nf7 73.Kxe4 f2 74.Ra1 Nxg5+ 75.Kf5 Nf7 76.Rf1 Nh6+ 77.Kf4 Kf6 78.Rxf2 Nf7
79.Re2 Nd6 80.Re5 Nf7 81.Ra5 Nd6  1/2-1/2

[Event "Marianske Lazne Open 2013"]
[Site "Marianske Lazne CZE"]
[Date "2013.01.25"]
[Round "8.9"]
[White "Gevorgyan,M"]
[Black "Dzupin,D"]
[Result "1-0"]
[WhiteElo "2092"]
[BlackElo "2211"]

1.e4 c5 2.Nc3 Nc6 3.Bb5 Na5 4.Nf3 a6 5.Be2 b5 6.d4 cxd4 7.Nxd4 Bb7 8.Bf3 d6
9.O-O Nf6 10.Re1 h6 11.a4 b4 12.Nd5 Bxd5  1-0

[Event "18th HIT Open A 2013"]
[Site "Nova Gorica SLO"]
[Date "2013.01.26"]
[Round "3.15"]
[White "Rozman,Monika"]
[Black "Lazar,Ales ST"]
[Result "0-1"]
[WhiteElo "1709"]
[BlackElo "2131"]

1.e4 c5 2.Nc3 Nc6 3.Bb5 Nd4 4.Bc4 g6 5.Nge2 Bg7 6.d3 d6 7.O-O e6 8.f4 Ne7
9.Kh1 O-O 10.Nxd4 Bxd4 11.Qe1 a6 12.Ne2 Bg7 13.c3 b5 14.Bb3 a5 15.Rf3 a4
16.Bc2 f5 17.Rh3 Nc6 18.Bd2 e5 19.Rg3 Be6 20.Qc1 d5 21.fxe5 Nxe5 22.Nf4 Qd7
23.Nxe6 Qxe6 24.exf5 gxf5 25.Qg1 f4 26.Rh3 d4 27.Re1 Qd5 28.Qf2 Ng6 29.Qf3 Qxf3
30.Rxf3 Rae8 31.c4 Rxe1+ 32.Bxe1 Re8 33.Rf1 Re2 34.Bd1 Rxb2 35.cxb5 Rxa2
36.g3 Be5 37.b6 Rb2 38.Ba5 a3 39.Bf3 a2 40.Bd5+ Kg7 41.Bxa2 Rxa2 42.gxf4 Bxf4
43.Rxf4 Nxf4 44.b7 Ra1+  0-1

[Event "13th ch-CRO 2013"]
[Site "Plitvicka Jezera CRO"]
[Date "2013.01.26"]
[Round "6.4"]
[White "Saric,Iv"]
[Black "Jankovic,A"]
[Result "1/2-1/2"]
[WhiteElo "2614"]
[BlackElo "2538"]

1.e4 c5 2.Nf3 Nc6 3.Nc3 e5 4.Bc4 Be7 5.d3 d6 6.O-O Nf6 7.Ng5 O-O 8.f4 Bg4
9.Qe1 exf4 10.Bxf4 Nd4 11.Qd2 Qd7 12.Be3 a6 13.a4 Rae8 14.Kh1 Bd8 15.Ba2 Kh8
16.Qf2 h6 17.Nf3 Nxf3 18.gxf3 Be6 19.Bxe6 fxe6 20.Qg2 e5 21.Ne2 Nh5 22.Qg4 Qxg4
23.fxg4 Nf6 24.h3 h5 25.gxh5 Nxh5 26.Kg2 Kg8 27.Rxf8+ Rxf8 28.Rf1 Rxf1 29.Kxf1 Kf7
30.Kg2 Kg6 31.Kf3 Bg5 32.Bf2 Bd2 33.Bh4 Kf7 34.Ng3 Nxg3 35.Bxg3 b5 36.axb5 axb5
37.Kg4 g6 38.Bh4 Ba5 39.c4 b4 40.b3 Bc7 41.Bg5 Bb6 42.h4 Bc7 43.h5 gxh5+
44.Kxh5 Ke6 45.Kg6 Kd7 46.Kf5 Bb8  1/2-1/2

[Event "e2e4 West Bromwich Open"]
[Site "West Bromwich ENG"]
[Date "2013.01.27"]
[Round "4"]
[White "Malik,Faraz"]
[Black "Baterdene,Tsogbayar"]
[Result "1/2-1/2"]
[WhiteElo "1923"]
[BlackElo "1724"]

1.e4 c5 2.Nc3 Nc6 3.Bb5 g6 4.Bxc6 bxc6 5.d3 Bg7 6.f4 d6 7.Nf3 Nf6 8.O-O O-O
9.Qe2 Bg4 10.h3 Bxf3 11.Qxf3 e6 12.Be3 Rb8 13.Rab1 Nd7 14.f5 d5 15.fxe6 fxe6
16.Qg4 Qe7 17.Rxf8+ Rxf8 18.Na4 Qd6 19.Rf1 Rxf1+ 20.Kxf1 Bd4 21.Bxd4 cxd4
22.exd5 Qxd5 23.b3 Qf5+ 24.Qxf5  1/2-1/2

[Event "18th HIT Open A 2013"]
[Site "Nova Gorica SLO"]
[Date "2013.01.30"]
[Round "9.14"]
[White "Srebrnic,V"]
[Black "Bratkovic,Jakob"]
[Result "1-0"]
[WhiteElo "2181"]
[BlackElo "1941"]

1.e4 c5 2.Nc3 Nc6 3.Bb5 Nd4 4.Bc4 e6 5.Nf3 Qc7 6.d3 g6 7.O-O Bg7 8.Nxd4 cxd4
9.Ne2 Ne7 10.f4 O-O 11.Ng3 d6 12.Bd2 Bd7 13.Rc1 Rac8 14.Bb3 b5 15.Qe1 Qb6
16.Ba5 Qb7 17.Bb4 Rc6 18.e5 Nc8 19.Ne4 a5 20.Bxa5 dxe5 21.Bb4 Re8 22.fxe5 Bxe5
23.Nf6+ Bxf6 24.Rxf6 Ne7 25.Bxe7 Rxe7 26.Qh4 Be8 27.Rcf1 Rd7 28.a4 Rc5 29.axb5 Rh5
30.Qf4 Qxb5 31.Bxe6 fxe6 32.Rf8+ Kg7 33.Qf6+ Kh6 34.Rxe8 Rdd5 35.Qf8+  1-0

[Event "ch-TUR 2013"]
[Site "Antalya TUR"]
[Date "2013.02.02"]
[Round "1.23"]
[White "Turkoglu,C"]
[Black "Kiremitciyan,Ari"]
[Result "1/2-1/2"]
[WhiteElo "2165"]
[BlackElo "1708"]

1.e4 c5 2.Nf3 Nc6 3.Nc3 d6 4.Bb5 Bd7 5.a3 Nf6 6.O-O a6 7.Bc4 Bg4 8.Re1 e6
9.Be2 Be7 10.h3 Bh5 11.Bf1 Qc7 12.d3 h6 13.g4 Bg6 14.Bf4 O-O-O 15.Bg3 h5
16.e5 dxe5 17.Nxe5 Nxe5 18.Rxe5 h4 19.Bh2 Bd6 20.f4 Bxe5 21.fxe5 Nd5 22.Qf3 Nxc3
23.bxc3 c4 24.Rb1 Rd7 25.Rb4 Qc5+ 26.d4 Qd5 27.Rxc4+ Kb8 28.Qxd5 Rxd5 29.Rb4 Ka7
30.a4 a5 31.Rb2 Rc8 32.Bg2 Rd7 33.Rb5 b6 34.d5 exd5 35.e6 fxe6 36.Be5 Rc5
37.Rb2 Rc4 38.Bd4 Rb7 39.Ra2 Be8 40.Kf2 Rxa4 41.Rb2 Ra1 42.Ke2 a4 43.Kd2 a3
44.Rb3 a2 45.c4 Rb1 46.Ra3+ Kb8 47.cxd5 exd5 48.Be5+ Kc8 49.Ra8+ Kd7 50.Bxd5 a1=Q
51.Bxa1 Rc7 52.Be4 Kd6 53.Bd4 Re7 54.Bd3 Bc6 55.Rd8+ Kc7 56.Rh8 Bf3 57.Rxh4 Rd1+
58.Kc3 Kb7 59.Rh5 Rc7+ 60.Kb2 Rh1 61.Rh8 Rd7 62.Kc3 Re7 63.g5 Kc6 64.Rc8+ Kb7
65.Rh8 Rc7+ 66.Kb2 Rd7 67.c3 Rh2+ 68.Kb3 Bd5+ 69.c4 Bg2 70.Kc3 Rxh3 71.Rxh3 Bxh3
72.Be4+ Ka6 73.Bd3 Ka5 74.Be3 Rc7 75.Kb3 Be6 76.Bd2+ Ka6 77.Kb4 Kb7 78.Bc3 Rd7
79.Be4+ Ka6 80.Bc2 Rc7 81.Bd3 Kb7 82.Bd4 g6 83.Kb5 Bd7+ 84.Kb4 Bf5 85.Be2 Rd7
86.Bf3+ Ka6 87.Kc3 Rh7 88.Bd5 Rh3+ 89.Kb4 Bc2 90.c5 b5 91.c6 Bf5 92.c7 Rh4
93.Kc5 b4  1/2-1/2

[Event "FSFMA February 2013"]
[Site "Budapest HUN"]
[Date "2013.02.02"]
[Round "1.4"]
[White "Nemeth,O"]
[Black "Farkas,R"]
[Result "0-1"]
[WhiteElo "1771"]
[BlackElo "2132"]

1.e4 c5 2.Nc3 Nc6 3.Nf3 g6 4.d4 cxd4 5.Nxd4 Bg7 6.Be3 Nf6 7.f3 O-O 8.Be2 d5
9.Nxc6 bxc6 10.exd5 Nxd5 11.Nxd5 cxd5 12.c3 e5 13.O-O Be6 14.Bc5 Re8 15.Bb5 Qc7
16.b4 Red8 17.a4 Bf8 18.Bxf8 Kxf8 19.Qd2 Kg8 20.Kh1 d4 21.Rac1 Qb6 22.Qe2 a6
23.Bd3 dxc3 24.b5 Qd4 25.Rfd1 Bb3 26.Bc2 Qxa4 27.bxa6 Bxc2 28.Qxc2 Qxc2  0-1

[Event "TCh-CAT Div Hon 2013"]
[Site "Catalonia ESP"]
[Date "2013.02.02"]
[Round "3.1"]
[White "Kogan,Ar"]
[Black "Alsina Leal,D"]
[Result "0-1"]
[WhiteElo "2571"]
[BlackElo "2511"]

1.e4 c5 2.Nc3 Nc6 3.Nf3 Nf6 4.d4 cxd4 5.Nxd4 e5 6.Ndb5 d6 7.Bg5 a6 8.Na3 b5
9.Nd5 Be7 10.Bxf6 Bxf6 11.c4 b4 12.Nc2 O-O 13.g3 Bg5 14.Bg2 a5 15.O-O Be6
16.Qd3 Bxd5 17.cxd5 Nb8 18.f4 exf4 19.gxf4 Bf6 20.Ne3 Bxb2 21.Rad1 Bc3 22.e5 dxe5
23.d6 Ra6 24.Nf5 exf4 25.Rxf4 g6 26.Ne7+ Kh8 27.Rd2 Be5 28.Qe4 Bxf4 29.Qxf4 Nd7
30.Rd3 Qb6+ 31.Kh1 Qc5 32.Bh3 Qe5 33.Qxe5+ Nxe5 34.Rd5 f6 35.Bc8 Ra7 36.Rb5 Rxe7
37.dxe7 Rxc8 38.Rd5 Nc6 39.Rd7 Re8  0-1

[Event "ch-TUR 2013"]
[Site "Antalya TUR"]
[Date "2013.02.03"]
[Round "2.24"]
[White "Aslanhan,H"]
[Black "Yelken,Mustafa"]
[Result "0-1"]
[WhiteElo "1833"]
[BlackElo "2130"]

1.e4 c5 2.Ne2 Nc6 3.Nbc3 e6 4.g3 d5 5.exd5 exd5 6.d3 d4 7.Ne4 Nf6 8.Bg2 Nxe4
9.Bxe4 Bd6 10.O-O O-O 11.Nf4 Bxf4 12.Bxf4 Be6 13.Re1 Bd5 14.Qh5 Bxe4 15.Rxe4 b6
16.Bg5 Qd5 17.Qh4 f5 18.Re2 Ne5 19.Rxe5 Qxe5 20.Bd2 Qf6 21.Qf4 Rfe8 22.Qf3 Rad8
23.a4 a5 24.h4 h6 25.Ra3 Re6 26.c3 Rde8 27.cxd4 Qxd4 28.Bc3 Qd7 29.Ra1 Rf8
30.Qd1 f4 31.d4 fxg3 32.fxg3 Qd6 33.Kg2 Qd5+ 34.Kg1 Rf3 35.Be1 Ref6 36.Qe2 Qxd4+
37.Kg2 Re3 38.Qc2 Qd5+ 39.Kh2 Rf1  0-1

[Event "ch-TUR 2013"]
[Site "Antalya TUR"]
[Date "2013.02.03"]
[Round "3.61"]
[White "Hatiboglu,Mehmet Can"]
[Black "Okur,K"]
[Result "1/2-1/2"]
[WhiteElo "1688"]
[BlackElo "1890"]

1.e4 c5 2.Nc3 Nc6 3.Nf3 d6 4.d3 Nf6 5.Be2 e6 6.O-O Be7 7.Bg5 O-O 8.h3 d5
9.exd5 exd5 10.Re1 Be6 11.Nh2 h6 12.Bxf6 Bxf6 13.Bg4 Qd7 14.Bxe6 fxe6 15.Qg4 Nd4
16.Qd1 Bh4 17.g3 Be7 18.Ne2 Bf6 19.c3 Nxe2+ 20.Qxe2 e5 21.Qh5 Rae8 22.Re2 Qf7
23.Qxf7+ Rxf7 24.Ng4 Rfe7 25.f3 Kf7 26.Rae1 h5 27.Ne3 Rd7 28.Ng2 g5 29.Kf2 b5
30.g4 hxg4 31.hxg4 Rh8 32.a4 bxa4 33.Ra1 Rb7 34.Rxa4 Rhb8 35.Ra2 c4 36.dxc4 dxc4
37.Ne3 Rc8 38.Ra4 Rbc7 39.Nd5 Rb7 40.Ne3 Rbc7 41.Nd5 Rb7 42.Ne3  1/2-1/2

[Event "Imperial College Open"]
[Site "London ENG"]
[Date "2013.02.03"]
[Round "5"]
[White "Madan,A"]
[Black "Jones,Steven A"]
[Result "1-0"]
[WhiteElo "2299"]
[BlackElo "2005"]

1.e4 c5 2.Nc3 Nc6 3.Nf3 Nf6 4.Bb5 g6 5.Bxc6 dxc6 6.d3 Bg7 7.Be3 b6 8.h3 O-O
9.O-O Nd7 10.Qd2 e5 11.Bh6 f6 12.Bxg7 Kxg7 13.Ne2 Re8 14.Nh2 Nf8 15.f4 exf4
16.Rxf4 Ne6 17.Rf2 Nd4 18.Nf4 Qd6 19.Raf1 Rf8 20.h4 h5 21.Qe3 Ne6 22.Ne2 Nd4
23.Ng3 Ba6 24.c3 Ne6 25.Rd1 Rad8 26.Rfd2 Rf7 27.d4 cxd4 28.cxd4 Rfd7 29.e5 fxe5
30.Nf3 exd4 31.Nxd4 Nxd4 32.Rxd4 Qxd4 33.Rxd4 Rxd4 34.Qe7+ Kh6 35.Ne4 R8d7
36.Qf8+  1-0

[Event "Moscow Open F 2013"]
[Site "Moscow RUS"]
[Date "2013.02.03"]
[Round "1.1"]
[White "Eliseev,U"]
[Black "Reshetnikov,Al"]
[Result "1-0"]
[WhiteElo "2525"]
[BlackElo "2508"]

1.e4 c5 2.Nf3 Nc6 3.Nc3 d6 4.d4 cxd4 5.Nxd4 Nf6 6.Bg5 Bd7 7.Qd2 Rc8 8.f4 h6
9.Bxf6 gxf6 10.Nf5 Qa5 11.Bd3 Nb4 12.a3 e6 13.Ne3 Nxd3+ 14.Qxd3 Qc5 15.O-O Be7
16.Kh1 h5 17.f5 Qe5 18.Nc4 Qc5 19.Nd2 b5 20.Nb3 Qb6 21.Nd4 Rc4 22.Rad1 Rc5
23.Qh3 Re5 24.b4 Qc7 25.Qd3 d5 26.fxe6 fxe6 27.exd5 exd5 28.Rf3 Rf5 29.Nxd5  1-0

[Event "35th Georgi Tringov Open"]
[Site "Plovdiv BUL"]
[Date "2013.02.03"]
[Round "1.11"]
[White "Petrov,Marij"]
[Black "Apostolakakis,Konstantinos"]
[Result "1-0"]
[WhiteElo "2518"]
[BlackElo "1781"]

1.e4 c5 2.Nc3 Nc6 3.Nf3 g6 4.d4 cxd4 5.Nxd4 Bg7 6.Be3 d6 7.Be2 Nf6 8.O-O O-O
9.f4 a6 10.Qd3 Bd7 11.Rad1 Ng4 12.Nxc6 bxc6 13.Bxg4 Bxg4 14.Rd2 Bd7 15.Bd4 Bxd4+
16.Qxd4 c5 17.Qe3 Rb8 18.b3 Bc6 19.f5 Qa5 20.Rf3 Kg7 21.Rh3 h5 22.e5 c4 23.f6+ exf6
24.Rxd6 Bb5 25.exf6+ Kh7 26.Qg5 Rfe8 27.Rxh5+ Kg8 28.Rh8+  1-0

[Event "ch-TUR 2013"]
[Site "Antalya TUR"]
[Date "2013.02.04"]
[Round "4.58"]
[White "Ozates,Tuna"]
[Black "Bagci,H"]
[Result "0-1"]
[WhiteElo "1673"]
[BlackElo "1881"]

1.e4 c5 2.Nc3 Nc6 3.Nf3 d6 4.d4 cxd4 5.Nxd4 Nf6 6.Bc4 e6 7.Bb3 Be7 8.Be3 a6
9.Qe2 O-O 10.O-O-O Qc7 11.g4 Nxd4 12.Rxd4 b5 13.g5 Nd7 14.h4 Nc5 15.h5 Bb7
16.Qg4 Nxb3+ 17.axb3 e5 18.Rd2 Qc8 19.Qg3 Qe6 20.Rh4 Rac8 21.f4 f5 22.Nd5 fxe4
23.Nxe7+ Qxe7 24.Kb1 a5 25.Rf2 Qe6 26.Rg4 Rf5 27.fxe5 Rxf2 28.Bxf2 dxe5 29.Qg1 a4
30.g6 h6 31.b4 Qc4 32.Qd1 Bd5 33.Bc5 Be6 34.b3 axb3 35.cxb3 Bxg4 36.Qxg4 Qxb3+
37.Kc1 Qc3+ 38.Kb1 Ra8 39.Ba7 Qxb4+ 40.Kc1 Qc4+ 41.Kd1 Rxa7  0-1

[Event "ch-TUR 2013"]
[Site "Antalya TUR"]
[Date "2013.02.04"]
[Round "4.71"]
[White "Kayar,E"]
[Black "Sulak,Y"]
[Result "1-0"]
[WhiteElo "2087"]
[BlackElo "1767"]

1.e4 c5 2.Nc3 Nc6 3.Bb5 d6 4.Bxc6+ bxc6 5.d3 Nf6 6.f4 e6 7.Nf3 Be7 8.O-O Bb7
9.e5 Nd5 10.Ne4 h6 11.c4 Nc7 12.Be3 Na6 13.exd6 Bxd6 14.Qe2 Qc7 15.g3 O-O-O
16.a3 f5 17.Nxd6+ Qxd6 18.Ne5 Rhf8 19.Qf2 g5 20.Rfb1 gxf4 21.gxf4 Rg8+ 22.Kf1 Rg7
23.Ke2 Rdg8 24.Rg1 Qe7 25.Rxg7 Rxg7 26.Rg1 Kd8 27.Bxc5 Nxc5 28.Rxg7 Qxg7
29.Qxc5 Qg2+ 30.Qf2 Qh1 31.Qh4+ Ke8 32.Qxh6 Qc1 33.Qxe6+  1-0

[Event "ch-TUR 2013"]
[Site "Antalya TUR"]
[Date "2013.02.04"]
[Round "4.84"]
[White "Bulut,N"]
[Black "Alpaslan,Ayhan"]
[Result "0-1"]
[WhiteElo "1576"]
[BlackElo "1819"]

1.e4 c5 2.Nf3 Nc6 3.Nc3 e5 4.Bc4 h6 5.a3 Nf6 6.d3 d6 7.h3 Be6 8.Ba2 Bxa2
9.Nxa2 Be7 10.Bd2 Qb6 11.Qc1 Rc8 12.Nc3 Nd4 13.Nh2 a6 14.O-O g5 15.Kh1 Qc7
16.Rb1 Qd7 17.Rd1 Rg8 18.f3 Nh5 19.Kg1 Nf4 20.Rf1 h5 21.Nd5 Nxd5 22.exd5  0-1

[Event "ch-TUR 2013"]
[Site "Antalya TUR"]
[Date "2013.02.04"]
[Round "4.48"]
[White "Usun,T"]
[Black "Simsek,Hakki Kaan"]
[Result "0-1"]
[WhiteElo "1917"]
[BlackElo "1763"]

1.e4 c5 2.Nf3 Nc6 3.Nc3 Nf6 4.Bb5 a6 5.Bxc6 dxc6 6.a4 Bg4 7.a5 e6 8.h3 Bh5
9.Ra4 Qc7 10.d3 Bd6 11.Be3 Rd8 12.g4 Bg6 13.Qa1 O-O 14.e5 Bxe5 15.Bxc5 Nd5
16.Bxf8 Rxf8 17.Nxd5 exd5 18.Nxe5 Qxe5+ 19.Kf1 Re8 20.Qc1 d4 21.Qd1 f6 22.Rg1 h5
23.Qf3 Bf7 24.Qf5 Qe2+ 25.Kg2 Bd5+ 26.Kg3 Re5 27.Qf4 Kf7 28.Qxd4 Qf3+ 29.Kh2 Re2
30.Qxd5+  0-1

[Event "ch-TUR 2013"]
[Site "Antalya TUR"]
[Date "2013.02.04"]
[Round "4.29"]
[White "Aslanhan,H"]
[Black "Seyhanoglu,D"]
[Result "1-0"]
[WhiteElo "1833"]
[BlackElo "2049"]

1.e4 c5 2.Ne2 Nc6 3.Nbc3 Nf6 4.g3 d5 5.exd5 Nd4 6.Bg2 Bg4 7.O-O Nxd5 8.f3 Bf5
9.Nxd4 cxd4 10.Ne4 e6 11.c4 Nb4 12.d3 Be7 13.a3 Nc6 14.b4 O-O 15.f4 Qd7 16.Bd2 a6
17.Qe2 Bg6 18.h4 h6 19.h5 Bh7 20.Rae1 Rae8 21.Nf2 Bd6 22.g4 Kh8 23.g5 e5
24.Bh3 Bf5 25.Qf3 exf4 26.gxh6 gxh6 27.Bg2 Ne5 28.Qd5 f3 29.Bxf3 Nxf3+ 30.Qxf3 Rg8+
31.Kh1 Rxe1 32.Rxe1 Bb8 33.Rg1 Qd6 34.Rxg8+ Kxg8 35.Kg2 Bd7 36.Kf1 Bc6 37.Qg4+ Kh8
38.c5 Qg3 39.Qxd4+ Be5 40.Qg4 Qxg4 41.Nxg4 Bb2 42.Nxh6 Kg7 43.Nf5+ Kf6 44.Nd6 Bf3
45.h6 Kg6 46.Kf2 Bd5 47.a4 Bd4+ 48.Be3 Be5 49.Nc4 Bc3 50.b5 axb5 51.axb5 f5
52.Nb2 Be6 53.Kf3 Be5 54.d4 Bc7 55.Na4 Bd7 56.Nc3 Ba5 57.Nd5 Bxb5 58.Ne7+ Kf6
59.Bf4  1-0

[Event "FSFMA February 2013"]
[Site "Budapest HUN"]
[Date "2013.02.04"]
[Round "3.2"]
[White "Mayer,I"]
[Black "Juracsik,J"]
[Result "0-1"]
[WhiteElo "2038"]
[BlackElo "2141"]

1.e4 c5 2.Nf3 Nc6 3.Nc3 g6 4.g3 Bg7 5.Bg2 d6 6.O-O e6 7.d3 Nge7 8.Ne2 e5
9.c3 O-O 10.Rb1 d5 11.a3 dxe4 12.dxe4 Be6 13.Be3 Bc4 14.Nd2 Bd3 15.Ra1 b6
16.Re1 Qd7 17.b4 cxb4 18.axb4 Rfd8 19.Qb3 Bxe2 20.Rxe2 h6 21.Nc4 Qe6 22.Rd2 Rxd2
23.Nxd2 Qd7 24.Nc4 Rd8 25.b5 Nb8 26.Bf3 Nc8 27.Kg2 Qe6 28.Rd1 Rd7 29.h3 h5
30.g4 Nd6 31.Rd5 hxg4 32.Bxg4 f5 33.Nxd6 fxg4 34.Qd1 gxh3+ 35.Kh2 Kh7 36.c4 Rc7
37.Qf3 Nd7  0-1

[Event "Moscow Open F 2013"]
[Site "Moscow RUS"]
[Date "2013.02.05"]
[Round "4.2"]
[White "Stukopin,A"]
[Black "Sethuraman,S"]
[Result "1/2-1/2"]
[WhiteElo "2495"]
[BlackElo "2538"]

1.e4 c5 2.Nf3 Nc6 3.Nc3 d6 4.d4 cxd4 5.Nxd4 Nf6 6.Bg5 e6 7.Qd2 a6 8.O-O-O Be7
9.f3 O-O 10.h4 Qc7 11.Kb1 Rd8 12.Qe1 Nxd4 13.Rxd4 b5 14.Rd2 Bb7 15.Ne2 h6
16.Be3 Rac8 17.Qf2 Bxe4 18.Ng3 Bd5 19.Bb6 Qc6 20.Bxd8 Bxd8 21.Bd3 b4 22.Rc1 Bb6
23.Qe2 Qa4 24.b3 Qa3 25.Be4 Bd8 26.Rd3 Nxe4 27.fxe4 Bf6 28.c4 Bb7 29.Rxd6 Qa5
30.Nh5 Qe5 31.Nxf6+ gxf6 32.Rd7 Bxe4+ 33.Rc2 Rc5 34.Rd8+ Kh7 35.Qg4 Bg6 36.Qf3 Qe1+
37.Kb2 Qe5+ 38.Kb1 Ra5 39.Qf2 Qc3 40.Qd2 Re5 41.Qxc3 bxc3 42.Kc1 Re3 43.Rf2 Be4
44.b4 f5 45.a4 Kg6 46.b5 Kf6 47.Rf3 Bxf3 48.gxf3 axb5 49.cxb5 Ke7 50.Rd4 Re2
51.b6 Ra2 52.Rb4 Rb2 53.Rxb2 cxb2+ 54.Kxb2 Kd6 55.Kc3 Kc6 56.a5 e5 57.Kc4 f4
58.h5 f5 59.Kd3 Kb7 60.Kc3 Kc6 61.Kc4 e4 62.Kd4 e3  1/2-1/2